Noem de bergen - Statistieken

Algemene statistieken
  • Deze quiz is 33 keer genomen
  • De gemiddelde score is 6 van 15
Antwoordstatistieken
Foto Antwoord % Correct
Everest
85%
Blanc
77%
Kilimanjaro
69%
Fuji
65%
Matterhorn
54%
Rushmore
46%
Steven Bergwijn
42%
Zugspitze
38%
Alpe d'huez
31%
Vesuvius
31%
Ben Nevis
27%
Großglockner
27%
Beekse Bergen
23%
Vaalserberg
19%
Scenery
4%
Geen overeenkomende quizzen gevonden
Scoreverdeling
Procent van Mensen met Elke Score
Percentiel versus Aantal Correcte Antwoorden
Uw Scoregeschiedenis
U heeft deze quiz nog niet genomen